Niektoré aspekty finančného rizika v podniku

Klasifikácia rizík. Aspekty riadenia rizika. Imunizácia portfólia obligácií využitím durácie, dynamizácia portfólia akcií a ich derivátov hľadaním vhodnej stratégie obchodovania a odvodenie kritéria pre obojstranne výhodnú poistnú zmluvu pre prípad poistiteľných rizík.

Salvato in:
Dettagli Bibliografici
Autore principale: Skřivánková, Valéria
Natura: Capitolo di libro
Lingua:slovacco
Soggetti:
Tags: Aggiungi Tag
Nessun Tag, puoi essere il primo ad aggiungerne!!

MARC

LEADER 00000naa$a2200000$$$4500
001 0038642
005 20231004103425.9
041 0 |a slo 
044 |a SK 
245 1 0 |a Niektoré aspekty finančného rizika v podniku  |c Valéria Skřivánková 
520 |a Klasifikácia rizík. Aspekty riadenia rizika. Imunizácia portfólia obligácií využitím durácie, dynamizácia portfólia akcií a ich derivátov hľadaním vhodnej stratégie obchodovania a odvodenie kritéria pre obojstranne výhodnú poistnú zmluvu pre prípad poistiteľných rizík. 
610 2 0 |a riadenie rizík 
610 2 0 |a riadenie finančné 
610 2 0 |a riziko likvidity 
610 2 0 |a riziko poistné 
610 2 0 |a portfólio 
610 2 0 |a podnik 
100 1 |a Skřivánková, Valéria